000 00729nam a2200241Ii 4500
999 _c9593
_d9593
001 7065126
003 GBCCL
005 20241126110715.0
008 810116n19741959inu 000 0 eng u
010 _a60001442
020 _a9780884690115
040 _aCDC
_cCDC
082 _a231.7
_bMCC
092 _a231.7
_bM126G
100 1 _aMcClain, Alva J
_916664
245 1 4 _aThe greatness of the kingdom ;
_ban inductive study of the kingdom of God /
_cby Alva J. McClain
260 _aWinona Lake, Indiana :
_bBMH Books,
_c[2020, c1959]
300 _axvi, 556 p. ;
_c24 cm
500 _aWiersbe Reading Room copy autographed by the author
504 _aIncludes bibliography
650 0 _aKingdom of God
_92865
942 _2ddc
_cBK